000 00459nam a2200157 i 4500
001 52059
003 ES-MaACL
005 20230906162512.0
007 t|
008 030825s1923 fr ||||1| fre d
100 1 _aChoisnard, Paul.
_938593
245 1 4 _aLes probabilités en science d'observation /
_cPaul Choisnard.
260 _aParis :
_bFélix Alcan,
_c1923 (
_eSaint Amand :
_fBussière)
300 _aIV, 168 p. ;
_c19 cm.
852 _aES-MaACL
_jF-11921
999 _c52059
_d52059